00615cam a22002171 4500001001300000003000400013005001700017008004100034010001700075025001900092035002000111040004700131042001200178050001700190100002400207245007000231260004100301300001900342650001900361999001700380ne 63000407 DLC20260227111742.0890523s1961 ua 000 0 ararc ane 63000407  aPL480:UAR-1679 a(OCoLC)19752862 aPrinceton Univ. Libr for LCcWaUdWaUdDLC apremarc00aPJ7521b.D331 aDahhān, Sāmī.10aQudamāʼ wa-muʻāṣirūnc[taʼlīf] Sāmī al-Dahhān. aMiṣr,bDār al-Maʻārif,c1961. a320 p.c24 cm. 0aAuthors, Arab. c45622d45622